| 000 | 00927pam a2200289 a 4500 | ||
|---|---|---|---|
| 001 | 015678266 | ||
| 003 | Uk | ||
| 005 | 20130211132655.0 | ||
| 008 | 101021s2011 maua b 001 0 eng d | ||
| 020 | _a0132484579 (pbk.) | ||
| 020 | _a9780132484572 (pbk.) | ||
| 082 | 0 | 4 |
_a006.6 _222 _bHEA |
| 100 | 1 |
_aHearn, Donald. _932564 |
|
| 245 | 1 | 0 |
_aComputer Graphics with OpenGL / _cDonald Hearn, M. Pauline Baker, Warren R. Carithers. |
| 250 | _a4th ed. | ||
| 260 |
_aBoston, [Mass.] ; _aLondon : _bPearson, _cc2011. |
||
| 300 |
_a886, 16 p. : _bill. ; _c26 cm. |
||
| 500 | _a"International edition"--Cover. | ||
| 504 | _aIncludes bibliographical references and index. | ||
| 630 | 0 | 0 |
_aOpenGL. _932565 |
| 650 | 0 |
_aC++ (Computer program language) _932566 |
|
| 650 | 0 |
_aComputer graphics. _932567 |
|
| 653 |
_bCS _cFebruary2013 |
||
| 700 | 1 |
_aBaker, M. Pauline. _932568 |
|
| 700 | 1 |
_aCarithers, Warren. _932569 |
|
| 942 |
_2ddc _cBB |
||
| 999 |
_c17283 _d17255 |
||